|
|
|
|
| LEADER |
00729nam a2200217Ia 4500 |
| 008 |
240830s9999 xx 000 0 und d |
| 040 |
|
|
|a CEDOC FIQ-RUSB / 664.11 R696
|
| 041 |
|
|
|a spa
|
| 082 |
|
|
|a 664.11 R696
|
| 100 |
1 |
|
|a Rodríguez Acosta, Amanda
|
| 245 |
1 |
0 |
|a Manual de los principales metodos analíticos utilizados en la industria azucarera
|
| 260 |
|
|
|a Cuba
|b Científico-Técnico
|c 1982
|
| 300 |
|
|
|a 108 p. :il
|
| 650 |
7 |
|
|a INDUSTRIA AZUCARERA
|
| 650 |
7 |
|
|b CAÑA DE AZUCAR - CARACTERISTICAS - VARIEDADES
|
| 650 |
7 |
|
|c AZUCAR - EXTRACCION DEL JUGO
|
| 650 |
7 |
|
|d PURIFICACION, CONCENTRACION, CRISTALIZACION DEL AZUCAR
|
| 650 |
7 |
|
|e ALMACENAMIENTO DEL AZUCAR CRUDO
|
| 942 |
|
|
|c BK
|2 ddc
|
| 991 |
|
|
|a TEXTO
|
| 999 |
|
|
|c 13453
|